000 00997nam a22003018i 4500
001 019419894
003 Uk
005 20260207103412.0
008 190522s2019 cau o 000|0|eng|d
020 _z9781526432117 (Paperback.)
_c£22.99
040 _aStDuBDS
_beng
_cNUST
_erda
_dNUST
050 _aRT65 ASH
100 1 _aAshelford, Sarah,
_eauthor.
245 1 0 _aPathophysiology & pharmacology in nursing /
_cSarah Ashelford.
250 _aSecond edition.
260 _aLondon ;
_bSAGE ,
_c©2019.
300 _ax, 427 pages ;
_billustrations,
_c25 cm
336 _atext
_2rdacontent
_btxt
337 _acomputer
_2rdamedia
_bn
338 _aonline resource
_2rdacarrier
_bnc
504 _aIncluding Bibliographical References and index
650 0 _aPharmacology.
650 0 _aPhysiology, Pathological.
650 0 _aNursing.
700 1 _aRaynsford, Justine,
_eauthor.
700 1 _aTaylor, Vanessa
_eauthor.
942 _2lcc
_n0
_cBOOKS
_eSecond Edition
_hRT65ASH
_kRT
_mASH
999 _c172613
_d172613